[Event "Sterlitamak Rochinskiy op"]
[Site "Sterlitamak"]
[Date "2012.06.28"]
[Round "7"]
[White "Darmin, Dmitry"]
[Black "Nozdrin, Alexander V"]
[Result "0-1"]
[WhiteElo "2043"]
[BlackElo "2376"]
[PlyCount "81"]
[EventDate "2012.06.22"]
[EventType "swiss"]
[EventRounds "9"]
[EventCountry "RUS"]
[SourceTitle "EXT 2013"]
[Source "ChessBase"]
[SourceDate "2012.11.22"]
[SourceVersion "1"]
[SourceVersionDate "2012.11.22"]
[SourceQuality "1"]

1. e4 e5 2. Nf3 Nc6 3. Bc4 Nf6 4. d3 Be7 5. 0-0 0-0 6. Re1 d6 7. c3 Be6 8. Bxe6 fxe6 9. d4 exd4 10. cxd4 d5 11. exd5 exd5 12. Nc3 Bb4 13. Bg5 Qd6 14. Qb3 Ng4 15. Re4 Nxf2 16. Bf4 Na5 17. Bxd6 Nxb3 18. Bxf8 Nxe4 19. axb3 Bxc3 20. bxc3 Kxf8 21. c4 dxc4 22. bxc4 a5 23. Kf1 Nd6 24. Ra4 b6 25. Ke2 c6 26. Ne5 b5 27. Ra1 Nxc4 28. Nxc4 bxc4 29. Ra4 Ke7 30. Kd2 Kd6 31. Kc3 Kd5 32. Rxc4 a4 33. Rc5+ Kd6 34. Kb2 a3+ 35. Ka2 Ra4 36. Rg5 g6 37. Rg4 Kd5 38. Rg5+ Ke6 39. Rg3 Rxd4 40. Kxa3 Kd5 41. Kb3 0-1

[Event "Sterlitamak Rochinskiy op"]
[Site "Sterlitamak"]
[Date "2012.06.22"]
[Round "1"]
[White "Nozdrin, Alexander V"]
[Black "Soldatenkov, Anton"]
[Result "1-0"]
[WhiteElo "2376"]
[BlackElo "2320"]
[PlyCount "79"]
[EventDate "2012.06.22"]
[EventType "swiss"]
[EventRounds "9"]
[EventCountry "RUS"]
[SourceTitle "EXT 2013"]
[Source "ChessBase"]
[SourceDate "2012.11.22"]
[SourceVersion "1"]
[SourceVersionDate "2012.11.22"]
[SourceQuality "1"]

1. e4 e5 2. Nf3 Nc6 3. d4 exd4 4. Nxd4 Nf6 5. Nxc6 bxc6 6. e5 Qe7 7. Qe2 Nd5 8. c4 Ba6 9. b3 Qh4 10. Bb2 Bb4+ 11. Nd2 Nc3 12. Qe3 Ne4 13. g3 Bxd2+ 14. Qxd2 Nxd2 15. gxh4 Nf3+ 16. Ke2 Nxh4 17. Bh3 Ng6 18. Ke3 0-0-0 19. f4 Rhe8 20. Kf3 c5 21. Rhe1 Bb7+ 22. Kg3 Kb8 23. Rad1 d6 24. exd6 cxd6 25. Bxg7 d5 26. f5 Rg8 27. Bb2 Bc8 28. Kf2 d4 29. Bc1 Rd6 30. Rd3 Bxf5 31. Bxf5 Rf6 32. Rf3 Nh4 33. Bf4+ Kb7 34. Be4+ Ka6 35. Bg3 Nxf3 36. Bxf3 Ka5 37. a3 Re6 38. Rxe6 fxe6 39. Bc7+ Ka6 40. b4 1-0

[Event "Ufa Kopylov Memorial op-B 8th"]
[Site "Ufa "]
[Date "2011.12.22"]
[Round "4.21"]
[White "Glidzhain, Gor Mikhailovich"]
[Black "Nozdrin, Alexander V"]
[Result "0-1"]
[WhiteElo "2387"]
[BlackElo "2376"]
[PlyCount "66"]
[EventDate "2011.12.15"]
[EventType "k.o."]
[EventRounds "7"]
[EventCountry "RUS"]
[SourceTitle "EXT 2014"]
[Source "ChessBase"]
[SourceDate "2013.11.20"]
[SourceVersion "1"]
[SourceVersionDate "2013.11.20"]
[SourceQuality "1"]

1. d4 d5 2. c4 e6 3. Nf3 Be7 4. g3 Nf6 5. Bg2 0-0 6. 0-0 b6 7. Nc3 Bb7 8. cxd5 exd5 9. Qa4 Na6 10. Ne5 Qe8 11. Qb3 Rd8 12. Nb5 Ra8 13. Bf4 c5 14. a4 cxd4 15. Qd1 Ne4 16. Nf3 Qd8 17. Rc1 Nac5 18. Nfxd4 a6 19. Nc7 Rc8 20. b4 Nd7 21. Nc6 Bxc6 22. Rxc6 Ndf6 23. Bh3 g5 24. Bxc8 gxf4 25. Bf5 Bxb4 26. Nxd5 Nxd5 27. Bxe4 Nc3 28. Qxd8 Rxd8 29. Bd3 f3 30. Rxc3 Bxc3 31. Rc1 Bd2 32. Rc2 Bb4 33. Bxa6 Rd1# 0-1

[Event "Ufa Kopylov Memorial op-B 8th"]
[Site "Ufa "]
[Date "2011.12.17"]
[Round "2.41"]
[White "Nozdrin, Alexander V"]
[Black "Baemov, Ilnur"]
[Result "1/2-1/2"]
[WhiteElo "2376"]
[BlackElo "2192"]
[PlyCount "127"]
[EventDate "2011.12.15"]
[EventType "k.o."]
[EventRounds "7"]
[EventCountry "RUS"]
[SourceTitle "EXT 2014"]
[Source "ChessBase"]
[SourceDate "2013.11.20"]
[SourceVersion "1"]
[SourceVersionDate "2013.11.20"]
[SourceQuality "1"]

1. Nf3 Nf6 2. c4 g6 3. Nc3 Bg7 4. d4 0-0 5. e4 d6 6. Be2 c5 7. 0-0 cxd4 8. Nxd4 Nc6 9. Nc2 Be6 10. Be3 Rc8 11. f3 a6 12. Qd2 Re8 13. Rac1 Qa5 14. Na3 Nd7 15. Rfd1 f5 16. exf5 gxf5 17. f4 Nf6 18. h3 Rcd8 19. Bf3 Bf7 20. Nd5 Qxd2 21. Rxd2 Ne4 22. Bxe4 fxe4 23. Bb6 Rc8 24. Re1 e6 25. Nc3 d5 26. cxd5 exd5 27. Nxd5 Bxd5 28. Rxd5 Nb4 29. Rd7 Bxb2 30. Re3 Re6 31. Bd4 Bxd4 32. Rxd4 Nc2 33. Nxc2 Rxc2 34. a4 Rg6 35. g3 Rb6 36. Rdxe4 Rb1+ 37. Re1 Rbb2 38. Re8+ Kf7 39. R1e7+ Kf6 40. g4 h6 41. a5 Rc1+ 42. Re1 Rcc2 43. R1e6+ Kf7 44. f5 Rc1+ 45. Re1 Rcc2 46. R1e7+ Kf6 47. Kf1 Rh2 48. Re2 Rb1+ 49. Re1 Rxe1+ 50. Rxe1 Rxh3 51. Kg2 Ra3 52. Re6+ Kg7 53. Rg6+ Kh7 54. Rb6 Rxa5 55. Rxb7+ Kg8 56. Kg3 h5 57. Kh4 hxg4 58. Kg5 Rb5 59. Ra7 g3 60. Kg6 Rxf5 61. Kxf5 g2 62. Ra8+ Kf7 63. Ra7+ Kg8 64. Ra8+ 1/2-1/2

[Event "Ufa Kopylov Memorial op-B 8th"]
[Site "Ufa "]
[Date "2011.12.16"]
[Round "1.42"]
[White "Ibragimov, Maxim"]
[Black "Nozdrin, Alexander V"]
[Result "0-1"]
[WhiteElo "2189"]
[BlackElo "2376"]
[PlyCount "52"]
[EventDate "2011.12.15"]
[EventType "k.o."]
[EventRounds "7"]
[EventCountry "RUS"]
[SourceTitle "EXT 2014"]
[Source "ChessBase"]
[SourceDate "2013.11.20"]
[SourceVersion "1"]
[SourceVersionDate "2013.11.20"]
[SourceQuality "1"]

1. d4 d5 2. Nf3 Nf6 3. c4 e6 4. g3 Bb4+ 5. Bd2 Bxd2+ 6. Nbxd2 0-0 7. Bg2 b6 8. 0-0 Bb7 9. Qc2 Nbd7 10. Ne5 c6 11. Qa4 Nxe5 12. dxe5 Nd7 13. f4 b5 14. cxb5 Qb6+ 15. Kh1 cxb5 16. Qb3 b4 17. e4 Nc5 18. Qc2 Nxe4 19. Nxe4 dxe4 20. Bxe4 Rac8 21. Qg2 Bxe4 22. Qxe4 Rfd8 23. Rad1 g6 24. g4 Rxd1 25. Rxd1 Qf2 26. f5 Rc2 0-1

[Event "Uljanovsk Privolje op"]
[Site "Uljanovsk"]
[Date "2011.02.03"]
[Round "4"]
[White "Nozdrin, Alexander V"]
[Black "Ospennikov, Dmitry V"]
[Result "0-1"]
[WhiteElo "2367"]
[BlackElo "2225"]
[PlyCount "120"]
[EventDate "2011.02.01"]
[EventType "swiss"]
[EventRounds "9"]
[EventCountry "RUS"]
[SourceTitle "CBM 140 Extra"]
[Source "ChessBase"]
[SourceDate "2011.03.01"]
[SourceVersion "1"]
[SourceVersionDate "2011.03.01"]
[SourceQuality "1"]

1. e4 c5 2. Nf3 e6 3. Nc3 a6 4. d4 cxd4 5. Nxd4 d6 6. Be2 Nf6 7. Be3 Be7 8. g4 Qc7 9. g5 Nfd7 10. f4 Nc6 11. Qd2 Na5 12. 0-0-0 Nc4 13. Qd3 Nxe3 14. Qxe3 Qc5 15. Qh3 g6 16. Kb1 Nb6 17. Qg3 Bd7 18. Nb3 Qc7 19. h4 0-0-0 20. Qe3 h6 21. Rhf1 hxg5 22. hxg5 Kb8 23. Rd4 Rdf8 24. Rb4 Ka7 25. Rc4 Qd8 26. Rd1 Ka8 27. Rb4 Nc8 28. Rbd4 Qb6 29. Qd3 Rh4 30. Qg3 Rfh8 31. Bg4 Qc7 32. R4d3 Nb6 33. Nd2 Rh1 34. Nf3 Nc4 35. Qf2 Qb6 36. Qxb6 Nxb6 37. b3 Kb8 38. a4 Kc7 39. Kb2 Rxd1 40. Rxd1 Bc6 41. Nd4 Rh4 42. Nxc6 bxc6 43. Rg1 a5 44. Ne2 d5 45. e5 c5 46. Kc3 c4 47. Rg3 Bc5 48. Kd2 cxb3 49. cxb3 Bb4+ 50. Ke3 Nd7 51. Kf3 Nc5 52. Nd4 Ne4 53. Rg2 Bc5 54. Rc2 Kb6 55. Nxe6 Rxg4 56. Kxg4 fxe6 57. Rh2 d4 58. Rh8 d3 59. Rd8 Kc7 60. Rh8 d2 0-1

[Event "Uljanovsk Privolje op"]
[Site "Uljanovsk"]
[Date "2011.02.01"]
[Round "1"]
[White "Bakunin, Damir"]
[Black "Nozdrin, Alexander V"]
[Result "0-1"]
[WhiteElo "2005"]
[BlackElo "2367"]
[PlyCount "80"]
[EventDate "2011.02.01"]
[EventType "swiss"]
[EventRounds "9"]
[EventCountry "RUS"]
[SourceTitle "CBM 140 Extra"]
[Source "ChessBase"]
[SourceDate "2011.03.01"]
[SourceVersion "1"]
[SourceVersionDate "2011.03.01"]
[SourceQuality "1"]

1. c4 e5 2. Nc3 Nc6 3. g3 g6 4. Bg2 Bg7 5. d3 d6 6. e3 h5 7. h4 Bg4 8. Qa4 Nge7 9. Nge2 0-0 10. Bd2 Qd7 11. 0-0-0 a6 12. Rdg1 b5 13. Qd1 Rab8 14. Nd5 e4 15. Bxe4 bxc4 16. d4 Nxd5 17. Bxd5 Ne7 18. f3 Nxd5 19. fxg4 Qxg4 20. Nf4 Qxd1+ 21. Rxd1 Nf6 22. Ba5 Rb7 23. Rde1 Re8 24. Rhf1 c6 25. Re2 d5 26. Rf3 Ng4 27. Bc3 Nh6 28. Rg2 Nf5 29. Kd2 Bh6 30. Re2 Bxf4 31. exf4 Rxe2+ 32. Kxe2 Kf8 33. Kf2 Ke7 34. Kg2 Kd6 35. Kh3 c5 36. dxc5+ Kxc5 37. g4 hxg4+ 38. Kxg4 d4 39. Be1 Rxb2 40. Ra3 Re2 0-1

[Event "Ufa Kopylov Memorial"]
[Site "Ufa"]
[Date "2010.12.28"]
[Round "9"]
[White "Darmin, Dmitry"]
[Black "Nozdrin, Alexander V"]
[Result "0-1"]
[WhiteElo "2364"]
[BlackElo "2367"]
[PlyCount "62"]
[EventDate "2010.12.21"]
[EventType "tourn"]
[EventRounds "9"]
[EventCountry "RUS"]
[EventCategory "4"]
[SourceTitle "CBM 140 Extra"]
[Source "ChessBase"]
[SourceDate "2011.03.01"]
[SourceVersion "1"]
[SourceVersionDate "2011.03.01"]
[SourceQuality "1"]

1. e4 e5 2. Nf3 Nc6 3. Bc4 Nf6 4. Ng5 d5 5. exd5 Na5 6. Bb5+ c6 7. dxc6 bxc6 8. Qf3 Qc7 9. Bd3 Be7 10. 0-0 h6 11. Ne4 Nd5 12. Ng3 g6 13. Nc3 0-0 14. Nxd5 cxd5 15. Qxd5 Bb7 16. Qb5 Bc6 17. Qa6 Rab8 18. Be2 e4 19. d4 Rfd8 20. c3 Rb6 21. Qxa5 Rd5 22. Qxb6 axb6 23. Bxh6 f5 24. Bc4 Kh7 25. Bxd5 Bxd5 26. Bd2 f4 27. Ne2 g5 28. b3 Qd7 29. c4 Qg4 30. Rae1 Bb7 31. Nc3 f3 0-1

[Event "Ufa Siamidi Memorial op"]
[Site "Ufa"]
[Date "2010.10.19"]
[Round "2"]
[White "Nozdrin, Alexander V"]
[Black "Morozkin, Nikita"]
[Result "1-0"]
[WhiteElo "2379"]
[BlackElo "2068"]
[PlyCount "63"]
[EventDate "2010.10.18"]
[EventType "swiss"]
[EventRounds "9"]
[EventCountry "RUS"]
[SourceTitle "EXT 2011"]
[Source "ChessBase"]
[SourceDate "2010.11.26"]
[SourceVersion "1"]
[SourceVersionDate "2010.11.26"]
[SourceQuality "1"]

1. e4 c6 2. d4 d5 3. Nc3 dxe4 4. Nxe4 Bf5 5. Ng3 Bg6 6. h4 h6 7. Nh3 e6 8. Nf4 Bh7 9. c3 Nf6 10. Bc4 Nd5 11. Qe2 Nxf4 12. Bxf4 Bd6 13. Be5 Bxe5 14. Qxe5 Qf6 15. Qc7 Nd7 16. Qxb7 Rb8 17. Qxc6 Rxb2 18. 0-0 Qd8 19. Bb5 a6 20. Ba4 Rb6 21. Qc5 Rb7 22. d5 Rc7 23. Qd6 Rb7 24. dxe6 fxe6 25. Rfe1 Bg8 26. Rad1 Bf7 27. Nf5 Rg8 28. Rxe6+ Bxe6 29. Qxe6+ Kf8 30. Bxd7 Rb6 31. Qe3 Rf6 32. Ba4 1-0

[Event "Ufa Kopylov Memorial"]
[Site "Ufa"]
[Date "2009.12.23"]
[Round "10"]
[White "Nozdrin, Alexander V"]
[Black "Imashev, Ildar"]
[Result "1-0"]
[WhiteElo "2379"]
[BlackElo "2283"]
[PlyCount "81"]
[EventDate "2009.12.15"]
[EventType "tourn"]
[EventRounds "11"]
[EventCountry "RUS"]
[EventCategory "3"]
[SourceTitle "CBM 134 Extra"]
[Source "ChessBase"]
[SourceDate "2010.03.03"]
[SourceVersion "1"]
[SourceVersionDate "2010.03.03"]
[SourceQuality "1"]

1. d4 f5 2. c4 Nf6 3. Nc3 g6 4. h4 d6 5. h5 Nxh5 6. e4 Nf6 7. Bd3 Nc6 8. exf5 Bxf5 9. Bxf5 gxf5 10. Nf3 Qd7 11. Qe2 0-0-0 12. d5 Nb4 13. Ng5 Rg8 14. Ne6 Re8 15. Nb5 Kb8 16. Nbxc7 Rc8 17. a3 Na6 18. Nxa6+ bxa6 19. b3 Ne4 20. Qf3 Bg7 21. Rb1 Bc3+ 22. Kf1 Be5 23. Be3 Qb7 24. Qxf5 Nc3 25. Rh4 Nxb1 26. Qxb1 Bf6 27. Re4 h5 28. g3 a5 29. Qd3 Ka8 30. Kg2 Rb8 31. b4 axb4 32. axb4 h4 33. c5 dxc5 34. bxc5 hxg3 35. c6 gxf2+ 36. Kf3 Qc8 37. Ra4 Bd4 38. Bxd4 Rf8+ 39. Ke4 Rb4 40. Rxa7+ Kb8 41. Ra8+ 1-0

[Event "Ufa Kopylov Memorial"]
[Site "Ufa"]
[Date "2009.12.21"]
[Round "8"]
[White "Nozdrin, Alexander V"]
[Black "Kalegin, Evgenij"]
[Result "0-1"]
[WhiteElo "2379"]
[BlackElo "2462"]
[PlyCount "68"]
[EventDate "2009.12.15"]
[EventType "tourn"]
[EventRounds "11"]
[EventCountry "RUS"]
[EventCategory "3"]
[SourceTitle "CBM 134 Extra"]
[Source "ChessBase"]
[SourceDate "2010.03.03"]
[SourceVersion "1"]
[SourceVersionDate "2010.03.03"]
[SourceQuality "1"]

1. d4 Nf6 2. Nf3 g6 3. c4 Bg7 4. Nc3 0-0 5. e4 d6 6. Be2 e5 7. 0-0 Nbd7 8. Be3 h6 9. Re1 Ng4 10. Bc1 f5 11. h3 Nxf2 12. Kxf2 fxe4 13. Nxe4 Qh4+ 14. Kg1 Qxe4 15. Bd3 Qc6 16. Be3 Nb6 17. c5 dxc5 18. dxc5 Nd5 19. Bc4 Be6 20. Qb3 Bf7 21. Bf2 Nf4 22. Rad1 Rae8 23. Be3 Bxc4 24. Qxc4+ Kh7 25. Bxf4 Rxf4 26. Qd5 Qxd5 27. Rxd5 e4 28. Rd7 Ref8 29. Nd4 R8f7 30. Rxf7 Rxf7 31. Rxe4 Rd7 32. Ne6 Rd1+ 33. Kf2 Bxb2 34. Kg3 h5 0-1

[Event "Ufa Kopylov Memorial"]
[Site "Ufa"]
[Date "2009.12.20"]
[Round "7"]
[White "Glidzhain, Gor Mikhailovich"]
[Black "Nozdrin, Alexander V"]
[Result "0-1"]
[WhiteElo "2354"]
[BlackElo "2379"]
[PlyCount "58"]
[EventDate "2009.12.15"]
[EventType "tourn"]
[EventRounds "11"]
[EventCountry "RUS"]
[EventCategory "3"]
[SourceTitle "CBM 134 Extra"]
[Source "ChessBase"]
[SourceDate "2010.03.03"]
[SourceVersion "1"]
[SourceVersionDate "2010.03.03"]
[SourceQuality "1"]

1. e4 Nc6 2. Nf3 d5 3. exd5 Qxd5 4. Nc3 Qa5 5. d4 Bg4 6. h3 Bxf3 7. Qxf3 e6 8. Bb5 Nge7 9. Bd2 0-0-0 10. Qxf7 Nxd4 11. Bd3 Nec6 12. Ne4 Bb4 13. c3 Ne5 14. cxb4 Nxd3+ 15. Kf1 Qe5 16. Ng5 Rhf8 17. Be3 Rxf7 18. Nxf7 Qh5 19. Nxd8 Qe2+ 20. Kg1 Nc2 21. Rf1 Nxe3 22. fxe3 Qxe3+ 23. Kh2 Qe5+ 24. Kg1 Kxd8 25. Rd1 Qg3 26. h4 Qf2+ 27. Kh2 Qxh4+ 28. Kg1 Qd4+ 29. Kh2 e5 0-1

[Event "Ufa Kopylov Memorial"]
[Site "Ufa"]
[Date "2009.12.17"]
[Round "3"]
[White "Tukhvatullin, Vladislav"]
[Black "Nozdrin, Alexander V"]
[Result "1/2-1/2"]
[WhiteElo "2256"]
[BlackElo "2379"]
[PlyCount "121"]
[EventDate "2009.12.15"]
[EventType "tourn"]
[EventRounds "11"]
[EventCountry "RUS"]
[EventCategory "3"]
[SourceTitle "CBM 134 Extra"]
[Source "ChessBase"]
[SourceDate "2010.03.03"]
[SourceVersion "1"]
[SourceVersionDate "2010.03.03"]
[SourceQuality "1"]

1. e4 d5 2. exd5 Qxd5 3. Nf3 Nf6 4. d4 Bg4 5. Be2 Nc6 6. 0-0 0-0-0 7. c4 Qh5 8. Be3 e5 9. h3 exd4 10. hxg4 Nxg4 11. Bf4 d3 12. Bxd3 Bd6 13. Qc1 Bxf4 14. Qxf4 Rxd3 15. Nc3 Nf6 16. Nb5 Rd7 17. Rad1 Qg4 18. Qe3 Rxd1 19. Rxd1 Kb8 20. b3 a6 21. Nc3 Re8 22. Qc5 h6 23. b4 Nd7 24. Qd5 Nde5 25. Nxe5 Nxe5 26. c5 c6 27. Qe4 Qxe4 28. Nxe4 Nc4 29. Rd4 Ne5 30. f3 Kc7 31. Nd6 Re6 32. Kf2 g6 33. Kg3 f5 34. Rd2 Nd7 35. Nxb7 Nf6 36. Rd6 f4+ 37. Kxf4 Nd5+ 38. Kg4 Re2 39. Nd8 Rxg2+ 40. Kh4 a5 41. bxa5 g5+ 42. Kh5 Rh2+ 43. Kg6 Nf4+ 44. Kf5 Rc2 45. Ne6+ Nxe6 46. Kxe6 Rxc5 47. Rd7+ Kb8 48. Rh7 Rxa5 49. Kd6 Rxa2 50. Kxc6 Ra3 51. Kb6 Rb3+ 52. Kc6 Ra3 53. Rh8+ Ka7 54. Rh7+ Ka6 55. Rxh6 Rxf3 56. Rg6 Rf5 57. Kd7+ Kb5 58. Ke6 Rc5 59. Kf6 Rc6+ 60. Kxg5 Rxg6+ 61. Kxg6 1/2-1/2

[Event "Ufa-ch"]
[Site "Ufa"]
[Date "2009.03.15"]
[Round "9"]
[White "Ibragimov, Maxim"]
[Black "Nozdrin, Alexander V"]
[Result "0-1"]
[WhiteElo "2166"]
[BlackElo "2399"]
[PlyCount "74"]
[EventDate "2009.03.01"]
[EventType "tourn"]
[EventRounds "11"]
[EventCountry "RUS"]
[EventCategory "2"]
[SourceTitle "EXT 2010"]
[Source "ChessBase"]
[SourceDate "2010.11.25"]
[SourceVersion "1"]
[SourceVersionDate "2010.11.25"]
[SourceQuality "1"]

1. e4 c5 2. Nf3 d6 3. d4 cxd4 4. Nxd4 Nf6 5. Nc3 a6 6. Be2 e5 7. Nb3 Be7 8. Be3 b6 9. 0-0 Bb7 10. Bf3 Nbd7 11. a4 Rc8 12. Qe2 0-0 13. g4 Ne8 14. Nd5 Bg5 15. Bxg5 Qxg5 16. Qe3 Qd8 17. Nc3 h6 18. Rfd1 Qh4 19. a5 b5 20. Be2 Ndf6 21. f3 b4 22. Qb6 bxc3 23. Qxb7 Nc7 24. bxc3 Ne6 25. Qb6 Nf4 26. Bf1 Rxc3 27. Qf2 Qxf2+ 28. Kxf2 Rxc2+ 29. Rd2 Rc3 30. Nc1 d5 31. exd5 e4 32. Kg1 e3 33. Rd4 N6xd5 34. Bxa6 Rc2 35. Bf1 g5 36. a6 Nc3 37. Rc4 e2 0-1

[Event "Ufa-ch"]
[Site "Ufa"]
[Date "2009.03.07"]
[Round "4"]
[White "Kalegin, Evgenij"]
[Black "Nozdrin, Alexander V"]
[Result "1-0"]
[WhiteElo "2490"]
[BlackElo "2399"]
[PlyCount "65"]
[EventDate "2009.03.01"]
[EventType "tourn"]
[EventRounds "11"]
[EventCountry "RUS"]
[EventCategory "2"]
[SourceTitle "EXT 2010"]
[Source "ChessBase"]
[SourceDate "2010.11.25"]
[SourceVersion "1"]
[SourceVersionDate "2010.11.25"]
[SourceQuality "1"]

1. e4 d5 2. exd5 Qxd5 3. Nc3 Qd6 4. d4 Nf6 5. Nf3 a6 6. g3 b5 7. Bg2 Bb7 8. 0-0 e6 9. Bf4 Qb6 10. a4 Bd6 11. Be3 Ng4 12. Ng5 Bxg2 13. Kxg2 b4 14. Qxg4 bxc3 15. bxc3 Qc6+ 16. Qf3 Qxf3+ 17. Nxf3 Nc6 18. c4 Na5 19. c5 Be7 20. Bf4 0-0-0 21. Rab1 Bf6 22. c3 Kd7 23. g4 h6 24. h4 g6 25. g5 Bg7 26. Rb4 hxg5 27. hxg5 Nc6 28. Rb7 e5 29. dxe5 Rc8 30. Rd1+ Ke7 31. Nd4 Nd8 32. Ra7 Ne6 33. Be3 1-0

[Event "Ufa Kopylov Memorial"]
[Site "Ufa"]
[Date "2008.12.21"]
[Round "7"]
[White "Nozdrin, Alexander V"]
[Black "Tukhvatullin, Vladislav"]
[Result "1-0"]
[WhiteElo "2413"]
[BlackElo "2236"]
[PlyCount "83"]
[EventDate "2008.12.15"]
[EventType "tourn"]
[EventRounds "11"]
[EventCountry "RUS"]
[EventCategory "3"]
[SourceTitle "EXT 2010"]
[Source "ChessBase"]
[SourceDate "2010.11.25"]
[SourceVersion "1"]
[SourceVersionDate "2010.11.25"]
[SourceQuality "1"]

1. e4 c5 2. Nf3 e6 3. d4 cxd4 4. Nxd4 Nc6 5. Nb5 d6 6. c4 Nf6 7. N5c3 Be7 8. Be2 0-0 9. 0-0 b6 10. Be3 Bb7 11. Na3 Rc8 12. Rc1 Qc7 13. Qa4 Qb8 14. f3 Rfd8 15. Rfd1 Ne5 16. Nab5 a6 17. Na3 Nfd7 18. f4 Ng6 19. Qb3 Bc6 20. Qc2 Bf6 21. Nab1 b5 22. cxb5 axb5 23. b4 d5 24. e5 Ndxe5 25. fxe5 Bxe5 26. Bf3 d4 27. Bxc6 Rxc6 28. Qd3 Rcc8 29. Bg5 f6 30. Nxb5 fxg5 31. Rxc8 Bxh2+ 32. Kh1 Rxc8 33. Nxd4 Rd8 34. Qb3 Nf8 35. Nc3 Qf4 36. Nxe6 Rxd1+ 37. Nxd1 Nxe6 38. Qxe6+ Kf8 39. Ne3 Qh4 40. Nf5 Qxb4 41. Kxh2 g6 42. Qd6+ 1-0

[Event "Ufa Kopylov Memorial"]
[Site "Ufa"]
[Date "2008.12.19"]
[Round "5"]
[White "Nozdrin, Alexander V"]
[Black "Hodjamkuliev, Bahadur"]
[Result "1/2-1/2"]
[WhiteElo "2413"]
[BlackElo "2198"]
[PlyCount "99"]
[EventDate "2008.12.15"]
[EventType "tourn"]
[EventRounds "11"]
[EventCountry "RUS"]
[EventCategory "3"]
[SourceTitle "EXT 2010"]
[Source "ChessBase"]
[SourceDate "2010.11.25"]
[SourceVersion "1"]
[SourceVersionDate "2010.11.25"]
[SourceQuality "1"]

1. Nf3 Nf6 2. c4 g6 3. d4 Bg7 4. g3 0-0 5. Bg2 d6 6. 0-0 Nc6 7. d5 Na5 8. Nbd2 c5 9. Qc2 b5 10. e4 bxc4 11. Re1 Rb8 12. Bf1 Ng4 13. Rb1 f5 14. h3 fxe4 15. Nxe4 Rxf3 16. hxg4 Bd4 17. Be2 Qf8 18. Be3 Bxe3 19. Bxf3 Bd4 20. Kg2 Nb7 21. Qxc4 Nd8 22. b4 Nf7 23. bxc5 Ne5 24. Qe2 Rxb1 25. Rxb1 Ba6 26. Qd1 Bd3 27. Ng5 Bxb1 28. Qxd4 h6 29. Be4 hxg5 30. Bxb1 Qf3+ 31. Kg1 Qa3 32. Be4 Qxc5 33. Qxc5 dxc5 34. Kg2 Kg7 35. f3 Kf6 36. Kf2 Nc4 37. Ke2 Nd6 38. Ke3 Nc4+ 39. Kd3 Nd6 40. Kc3 Ke5 41. Bxg6 Kxd5 42. Kd3 e5 43. Kc3 Nb5+ 44. Kd3 Nd6 45. Bh7 e4+ 46. fxe4+ Ke5 47. Bf5 Kf6 48. Bd7 Ke5 49. Bc6 Kf6 50. Bd5 1/2-1/2

[Event "Ufa Kopylov Memorial"]
[Site "Ufa"]
[Date "2008.12.16"]
[Round "2"]
[White "Imashev, Ildar"]
[Black "Nozdrin, Alexander V"]
[Result "0-1"]
[WhiteElo "2291"]
[BlackElo "2413"]
[PlyCount "82"]
[EventDate "2008.12.15"]
[EventType "tourn"]
[EventRounds "11"]
[EventCountry "RUS"]
[EventCategory "3"]
[SourceTitle "EXT 2010"]
[Source "ChessBase"]
[SourceDate "2010.11.25"]
[SourceVersion "1"]
[SourceVersionDate "2010.11.25"]
[SourceQuality "1"]

1. e4 d5 2. exd5 Qxd5 3. Nc3 Qd6 4. d4 Nf6 5. Bg5 a6 6. Qd2 b5 7. Bd3 Bb7 8. f3 Nbd7 9. Nge2 e5 10. Bxf6 Qxf6 11. Be4 0-0-0 12. Bxb7+ Kxb7 13. Ne4 Qb6 14. 0-0-0 Be7 15. Kb1 f5 16. N4c3 Nf6 17. Qe3 Rhe8 18. Qxe5 b4 19. Qxf5 bxc3 20. Nxc3 Rxd4 21. Rxd4 Qxd4 22. Rd1 Qc5 23. Qe6 Bd6 24. Qf7 Re7 25. Qb3+ Qb4 26. h3 Qxb3 27. cxb3 Bg3 28. Kc2 Re1 29. Rd2 Bf4 30. Rd4 Be3 31. Rb4+ Bb6 32. a4 a5 33. Rb5 Rg1 34. Rg5 g6 35. Kd3 Nd7 36. Kc4 h6 37. Rb5 Kc6 38. b4 axb4 39. Kxb4 Rxg2 40. b3 Bc5+ 41. Kc4 Rb2 0-1

[Event "Salekhard"]
[Site "Salekhard"]
[Date "2008.12.07"]
[Round "9"]
[White "Nozdrin, Alexander V"]
[Black "Krapivin, Vladislav"]
[Result "1-0"]
[WhiteElo "2413"]
[BlackElo "2366"]
[PlyCount "105"]
[EventDate "2008.11.29"]
[EventType "tourn"]
[EventRounds "9"]
[EventCountry "RUS"]
[EventCategory "4"]
[SourceTitle "CBM 127 Extra"]
[Source "ChessBase"]
[SourceDate "2009.01.08"]
[SourceVersion "2"]
[SourceVersionDate "2009.01.28"]
[SourceQuality "1"]

1. e4 d6 2. Nc3 Nf6 3. d4 e5 4. Nge2 Be7 5. h3 c6 6. a4 b6 7. g3 0-0 8. Bg2 Nbd7 9. 0-0 Re8 10. Be3 a6 11. g4 Nf8 12. Ng3 Ng6 13. Nf5 Qc7 14. g5 Nd7 15. d5 Bb7 16. dxc6 Bxc6 17. Qd2 Nc5 18. Rfd1 Rad8 19. h4 Ne6 20. Nd5 Bxd5 21. exd5 Nef4 22. Be4 h5 23. Ra3 Qc4 24. f3 Rb8 25. Re1 Qc8 26. Rc3 Qd7 27. Rc6 Rb7 28. b3 Ra8 29. c4 b5 30. cxb5 axb5 31. a5 b4 32. a6 Rba7 33. Ra1 Nh3+ 34. Kh2 Ngf4 35. Nxe7+ Qxe7 36. Bf5 Nxg5 37. hxg5 Qxg5 38. Bh3 Qh4 39. Bxf4 exf4 40. Qe1 Qf6 41. Ra2 Re7 42. Re2 Rxe2+ 43. Qxe2 Qh4 44. Qg2 Ra7 45. Rxd6 Re7 46. Rc6 g5 47. Rc2 g4 48. fxg4 Re3 49. a7 Rg3 50. a8Q+ Kg7 51. Qa1+ f6 52. Qag1 hxg4 53. Qxg3 1-0